| 000 | 00950nam a2200241 i 4500 | ||
|---|---|---|---|
| 001 | 160958 | ||
| 003 | ES-MaACL | ||
| 005 | 20240228150952.0 | ||
| 008 | 990526s1876 fr |||| | spa d | ||
| 080 | _a929 Dorregaray y Dominguera, Antonio | ||
| 080 | _a94(460)"1872/76" | ||
| 100 | 1 |
_aOliver, Antonio. _986803 |
|
| 245 | 1 | 0 |
_aDorregaray y la traición del centro : _bapuntes para la historia de la última guerra civil / _cpor Don Antonio Oliver. |
| 260 |
_aBayona : _b[s.n.], _c1876 ( _fImp. de la Viuda de Lamaignère) |
||
| 300 |
_aX, 294, 54 p. ; _c24 cm. |
||
| 530 | _aDisponible en formato digital. | ||
| 600 | 1 | 4 |
_aDorregaray y Dominguera, Antonio. _945425 |
| 651 | 0 |
_aEspaña- _xHistoria- _y1872-1876, Guerra carlista _9179965 |
|
| 852 |
_aES-MaACL _jG-5328 |
||
| 852 |
_aES-MaACL _jG-9561 _z- Enc. hol. |
||
| 856 |
_uhttp://bdh-rd.bne.es/viewer.vm?id=0000128636&page=1 _zBiblioteca Digital Hispánica |
||
| 999 |
_c160958 _d160958 |
||